Energy : (Record no. 183988)
[ view plain ]
| 000 -LEADER | |
|---|---|
| fixed length control field | 01627 a2200229 4500 |
| 003 - CONTROL NUMBER IDENTIFIER | |
| control field | Nust |
| 005 - DATE AND TIME OF LATEST TRANSACTION | |
| control field | 20221128101207.0 |
| 010 ## - LIBRARY OF CONGRESS CONTROL NUMBER | |
| LC control number | 75035591 |
| 020 ## - INTERNATIONAL STANDARD BOOK NUMBER | |
| International Standard Book Number | 0716703572 |
| 040 ## - CATALOGING SOURCE | |
| Transcribing agency | Nust |
| 082 00 - DEWEY DECIMAL CLASSIFICATION NUMBER | |
| Classification number | 530,ROM |
| 100 1# - MAIN ENTRY--PERSONAL NAME | |
| Personal name | Romer, Robert H. |
| 9 (RLIN) | 103659 |
| 245 10 - TITLE STATEMENT | |
| Title | Energy : |
| Remainder of title | an introduction to physics / |
| Statement of responsibility, etc. | Robert H. Romer. |
| 260 ## - PUBLICATION, DISTRIBUTION, ETC. | |
| Place of publication, distribution, etc. | San Francisco : |
| Name of publisher, distributor, etc. | W. H. Freeman, |
| Date of publication, distribution, etc. | c1976. |
| 300 ## - PHYSICAL DESCRIPTION | |
| Extent | xvii, 628 p. : |
| Other physical details | ill. ; |
| Dimensions | 24 cm. |
| 505 ## - FORMATTED CONTENTS NOTE | |
| Formatted contents note | The Concept of Energy and the Role of Energy in Society (Page-2), Conservation of Mechanical Energy and Gravitational Potential Energy (Page-48), Momentum Force and Work (Page-92), The Concept of Energy and Three Important Applications Hydroelectricity Transportation and Heating (Page-126), Newton’s Law of Universal Gravitation (Page-172), The First Law of Thermodynamics The Generalization of the Law of Conservation of Energy (Page-202), The Second Law of Thermodynamics (Page-240), Electrical Energy and its Uses (Page-272), Electromagnetism The Generation and Transmission of Electrical Energy (Page-318), The Energy Problem Past Present and Future Patterns of Energy Supply and Consumption (Page-346), The Nature of Light and Other Types of Radiation and the Earth Energy Balance (Page-366), Atoms Their Structure and Energy (Page-396), Radioactivity and Nuclear Physics (Page-414), Nuclear Fission and Nuclear Fission Power Plants (Page-458), Nuclear Fusion Power (Page-486) Solar Energy (Page-516). |
| 650 #0 - SUBJECT ADDED ENTRY--TOPICAL TERM | |
| Topical term or geographic name entry element | Force and energy. |
| 9 (RLIN) | 44778 |
| 650 #0 - SUBJECT ADDED ENTRY--TOPICAL TERM | |
| Topical term or geographic name entry element | Physics. |
| 650 #0 - SUBJECT ADDED ENTRY--TOPICAL TERM | |
| Topical term or geographic name entry element | Power (Mechanics) |
| 9 (RLIN) | 82773 |
| 650 #0 - SUBJECT ADDED ENTRY--TOPICAL TERM | |
| Topical term or geographic name entry element | Power resources. |
| 9 (RLIN) | 3458 |
| 942 ## - ADDED ENTRY ELEMENTS (KOHA) | |
| Source of classification or shelving scheme | |
| Koha item type | Book |
| Call number prefix | 530,ROM |
| Withdrawn status | Lost status | Source of classification or shelving scheme | Damaged status | Not for loan | Permanent Location | Current Location | Shelving location | Date acquired | Full call number | Barcode | Date last seen | Price effective from | Koha item type | Public note |
|---|---|---|---|---|---|---|---|---|---|---|---|---|---|---|
| Military College of Signals (MCS) | Military College of Signals (MCS) | General Stacks | 12/12/2016 | 530,ROM | MCS6342 | 12/08/2016 | 12/12/2016 | Book | Almirah No. 15 Shelf No. 4 |
